Cause della morte di persone famose - Statistics

Statistiche generali
  • Questo quiz è stato fatto 10 volte
  • Il punteggio medio è 3 su 8
Statistiche sulle risposte
DOMANDA RISPOSTA % Corretto
propofol Michael Jackson
90%
armi nel 1980 John Lennon
70%
aritmia cardiaca Elvis Preasly
40%
armi nel 1963 John F.Kennedy
30%
overdose Juice Wrld
10%
alcol Maradona
10%
Vecchiaia Papa Francesco
10%
armi nel 2018 Xxtencation
10%
Nessun quiz corrispondente trovato
Distribuzione punteggi
Percentuale di utenti per punteggio
Percentile per numero di risposta
I tuoi punteggi nel tempo
Non hai fatto questo quiz